000
00256nam a2200097Ia 4500
001
673582
005
20250826160906.0
008
250824s9999 xx 000 0 und d
245
0
_a
MÜSLÜMANLARIN TARİHİ 5
_c
İHSAN SÜREYYA SIRMA
260
_b
BEYAN YAYINLARI
999
_c
673582
_d
673582